| 000 | 01234nam a2200253 i 4500 | ||
|---|---|---|---|
| 001 | 38834 | ||
| 003 | ES-MaACL | ||
| 005 | 20251108160719.0 | ||
| 007 | t| | ||
| 008 | 030226s1911 fr ||||1| fre d | ||
| 100 | 1 |
_aCalvino, Jean. _933828 |
|
| 245 | 1 | 0 |
_aInstitution de la religion chrestienne [sic] / _cJean Calvin ; texte de la première édition française (1541) réimprimé sous la direction de Abel Lefranc, par Henri Chatelain et Jacques Pannier. |
| 260 |
_aParis : _bH. Champion, _c1911 ( _fMacon-Protat Fréres) |
||
| 300 |
_a2 v. ; _c25 cm. |
||
| 490 | 1 | _aBibliothèque de l'Ecole des hautes études. Sciences historiques et philologiques | |
| 505 | 8 | _aContiene: Premier fascicule, Préface et texte de l'Institution jusqu'à la page 432. Deuxième fascicule, Texte de l'Institution de la page 433 à la fin. Résumé analytique | |
| 650 | 0 | 4 |
_aIglesia reformada- _xDoctrinas _913552 |
| 700 | 1 |
_aLefranc, Abel, _d1863-1952 _971251 |
|
| 700 | 1 |
_aChatelain, Henri, _d1877-1915 _938180 |
|
| 700 | 1 |
_aPannier, Jacques ( _d1869-1945) _988808 |
|
| 830 | 0 | 0 |
_aBibliothèque de l'École des Hautes Études. Sciences historiques et philologiques _9229685 |
| 852 |
_aES-MaACL _jF-8530-31 |
||
| 999 |
_c38834 _d38834 |
||